| 000 | 00536nam a2200181 i 4500 | ||
|---|---|---|---|
| 001 | 119247 | ||
| 003 | ES-MaACL | ||
| 005 | 20231111062530.0 | ||
| 007 | t| | ||
| 008 | 070214s1960 sp |||| | spa d | ||
| 100 | 1 |
_aPérez Gómez, José. _990906 |
|
| 245 | 1 | 0 |
_aHistoria de la literatura española / _cJosé Pérez Gómez. |
| 260 |
_aLeón : _b[s.n.], _c1960 ( _fImp. Casado) |
||
| 300 |
_a298 p. ; _c24 cm. |
||
| 650 | 4 |
_aLiteratura española- _xHistoria y crítica _914560 |
|
| 852 |
_aES-MaACL _jB-937 |
||
| 999 |
_c119247 _d119247 |
||